00801nam a2200193Ia 4500008004100000040001800041041000800059110005700067245009800124260004300222300004500265500015500310650003000465650002900495650002200524650001400546650002200560650002500582130821s1994 ck gs spa  aCo-BoUCMbspa00aspa2 aUniversidad Pedagógica y Tecnológica de Colombia10aPolvos en mineríac[videograbación]cUniversidad Pedagógica y Tecnológica de Colombia aTunja (Boyacá, Colombia)bUPTCc1994 a1 videocasete vhs 18 min. 38 seg.e1 DVD aTrata de cómo el polvo ambiental es testigo mudo, los daños que causan a las personas, clases de polvos. Medidas de prevención y de protección04aContaminación ambiental04aContaminación del aire04aImpacto ambiental04aMinería04aSalud ocupacional04aSeguridad industrial